[Event "Compostela Masters 2nd"]
[Site "Santiago de Compostela"]
[Date "2020.02.16"]
[Round "7"]
[White "Gonzalez Trigal, Jose Luis"]
[Black "Gomez Dieguez, David"]
[Result "1-0"]
[WhiteElo "2369"]
[BlackElo "2296"]
[PlyCount "95"]
[EventDate "2020.02.11"]
[EventType "tourn"]
[EventRounds "9"]
[EventCountry "ESP"]
[EventCategory "7"]
[SourceTitle "CBM 195 Extra"]
[Source "ChessBase"]
[SourceDate "2020.05.31"]
[SourceVersion "1"]
[SourceVersionDate "2020.05.31"]
[SourceQuality "1"]

1. d4 Nf6 2. Nf3 d5 3. c4 e6 4. g3 Bb4+ 5. Bd2 Be7 6. Bg2 0-0 7. 0-0 Nbd7 8. Qc2 Ne4 9. Bc1 c6 10. b3 f5 11. Ba3 Bxa3 12. Nxa3 Qe7 13. Qc1 b6 14. cxd5 cxd5 15. Qb2 Ba6 16. b4 Bc4 17. Nxc4 dxc4 18. b5 c3 19. Qb3 a5 20. a4 Rac8 21. Rfc1 Rfe8 22. e3 Ndf6 23. Ne5 Qb4 24. Rab1 Nd5 25. Qc2 Qa3 26. Bxe4 fxe4 27. Nc6 Rxc6 28. bxc6 Rc8 29. Rb3 Qxa4 30. Rxc3 Nxc3 31. Qxc3 b5 32. Qc5 Qb4 33. Qe5 Qb3 34. Qxe4 a4 35. Rb1 Qc4 36. Rxb5 Rxc6 37. Rb8+ Rc8 38. Rxc8+ Qxc8 39. d5 a3 40. Qa4 exd5 41. Qxa3 Qc4 42. Qa8+ Kf7 43. Qa7+ Kg8 44. Qb8+ Kf7 45. Qf4+ Ke6 46. Qxc4 dxc4 47. Kf1 Kd5 48. Ke2 1-0

[Event "Lisbon Portugal op"]
[Site "Lisbon"]
[Date "2020.01.29"]
[Round "6"]
[White "Gonzalez Trigal, Jose Luis"]
[Black "Chennaoui, Yasin"]
[Result "1-0"]
[WhiteElo "2369"]
[BlackElo "2093"]
[PlyCount "128"]
[EventDate "2020.01.25"]
[EventType "swiss"]
[EventRounds "9"]
[EventCountry "POR"]
[SourceTitle "CBM 194"]
[Source "ChessBase"]
[SourceDate "2020.02.29"]
[SourceVersion "1"]
[SourceVersionDate "2020.02.29"]
[SourceQuality "1"]

1. d4 d6 2. Nf3 Nd7 3. c4 e5 4. Nc3 Ngf6 5. g3 Be7 6. Bg2 0-0 7. 0-0 c6 8. b3 Re8 9. Qc2 Bf8 10. Rd1 a6 11. e3 Rb8 12. Bb2 b5 13. dxe5 dxe5 14. Ne4 Qc7 15. Rac1 c5 16. Nfg5 h6 17. Nxf6+ Nxf6 18. Ne4 Nxe4 19. Bxe4 Be6 20. Bd5 Rbd8 21. Bxe6 Rxe6 22. Rxd8 Qxd8 23. Rd1 Rd6 24. Rxd6 Qxd6 25. cxb5 axb5 26. a4 bxa4 27. bxa4 Qb6 28. Bxe5 Qb4 29. Bc3 Qa3 30. a5 c4 31. Qb2 Qa4 32. Qd2 Qb5 33. Qd4 h5 34. h4 Qb1+ 35. Kg2 Qb7+ 36. e4 Qc6 37. Kh2 Qa4 38. Kg1 Qb5 39. Qb6 Qxb6 40. axb6 Bd6 41. b7 f6 42. f4 Kf7 43. e5 Bb8 44. Kf2 Ke6 45. Ke3 Kd5 46. exf6 gxf6 47. Bxf6 Ba7+ 48. Kd2 Kc6 49. Bd4 Bb8 50. Be5 Bxe5 51. fxe5 Kxb7 52. Kc3 Kc7 53. Kxc4 Kc6 54. Kd4 Kd7 55. Ke4 Ke7 56. Kf5 Kf7 57. Kg5 Ke6 58. Kxh5 Kxe5 59. Kg6 Ke4 60. h5 Kf3 61. h6 Kxg3 62. h7 Kf2 63. h8Q Ke1 64. Qh2 Kd1 1-0

[Event "Pontevedra op 7th"]
[Site "Pontevedra"]
[Date "2019.08.10"]
[Round "3"]
[White "Pulvett Marin, Daniel Eduardo"]
[Black "Gonzalez Trigal, Jose Luis"]
[Result "1-0"]
[WhiteElo "2473"]
[BlackElo "2352"]
[PlyCount "101"]
[EventDate "2019.08.08"]
[EventType "swiss"]
[EventRounds "9"]
[EventCountry "ESP"]
[SourceTitle "CBM 191 Extra"]
[Source "ChessBase"]
[SourceDate "2019.09.30"]
[SourceVersion "1"]
[SourceVersionDate "2019.09.30"]
[SourceQuality "1"]

1. d4 Nf6 2. Nf3 d5 3. c4 e6 4. g3 dxc4 5. Bg2 a6 6. 0-0 Nc6 7. Bg5 Be7 8. e3 0-0 9. Nfd2 e5 10. Bxf6 Bxf6 11. d5 Ne7 12. Nc3 c6 13. dxc6 Nxc6 14. Nxc4 Be6 15. Nd5 Bxd5 16. Qxd5 Rc8 17. Qe4 Qe7 18. Nb6 Rcd8 19. Nd5 Qe6 20. Rad1 Rd6 21. Rd3 Rfd8 22. Rfd1 Kh8 23. Bf3 g6 24. Bg4 Qe8 25. Nxf6 Rxf6 26. Bd7 Qe7 27. Rd5 Rf8 28. a3 Kg7 29. Kg2 h5 30. h4 Rb8 31. R1d2 Rf8 32. b4 Rb8 33. Rc2 Rd8 34. Bxc6 bxc6 35. Rxe5 Qd7 36. Rec5 Re8 37. Qd4 Qxd4 38. exd4 Ree6 39. Ra5 Rd6 40. Rxa6 Kf8 41. a4 Ke7 42. a5 Kd7 43. Rb6 Kc7 44. b5 Rxd4 45. Rcxc6+ Rxc6 46. Rxc6+ Kd7 47. a6 Ra4 48. Rf6 Ke7 49. Rb6 Kd7 50. Rb7+ Kc8 51. Rxf7 1-0

[Event "Pontevedra op 7th"]
[Site "Pontevedra"]
[Date "2019.08.08"]
[Round "1"]
[White "Gonzalez Trigal, Jose Luis"]
[Black "Del Prado Rodriguez, Xulio"]
[Result "1-0"]
[WhiteElo "2352"]
[BlackElo "2062"]
[PlyCount "115"]
[EventDate "2019.08.08"]
[EventType "swiss"]
[EventRounds "9"]
[EventCountry "ESP"]
[SourceTitle "EXT 2020"]
[Source "ChessBase"]
[SourceDate "2019.10.17"]
[SourceVersion "1"]
[SourceVersionDate "2019.10.17"]
[SourceQuality "1"]

1. d4 Nf6 2. c4 e6 3. Nc3 Bb4 4. Bd2 b6 5. Nf3 Bb7 6. g3 0-0 7. Bg2 d5 8. cxd5 exd5 9. 0-0 Nbd7 10. Rc1 Bxc3 11. Bxc3 Ne4 12. Bb4 c5 13. Ba3 Re8 14. dxc5 Ndxc5 15. Nd4 Rc8 16. b3 Ne6 17. Bb2 Rxc1 18. Qxc1 Nxd4 19. Bxd4 Ba6 20. Qb2 Qg5 21. Rd1 h5 22. Be3 Qf5 23. Qd4 Bxe2 24. Qxd5 Qxd5 25. Rxd5 Nf6 26. Rd2 Ba6 27. h3 Kf8 28. Rd4 Bb5 29. a4 Bd7 30. Kh2 Rc8 31. Bf3 Rc3 32. Bd1 Be6 33. Bd2 Rc7 34. Bf4 Rd7 35. Rxd7 Bxd7 36. Bd6+ Ke8 37. Be5 Ne4 38. Bd4 g6 39. b4 a6 40. f3 Nd2 41. Bxb6 Bc6 42. Kg2 Kd7 43. Kf2 Bd5 44. Be3 Nc4 45. Bd4 Kc6 46. g4 hxg4 47. fxg4 Nd6 48. h4 f5 49. h5 fxg4 50. hxg6 g3+ 51. Kg1 Nf5 52. Be5 g2 53. g7 Ne7 54. Bf6 Ng8 55. Bg5 Kd6 56. Be2 Bc6 57. Bxa6 Bxa4 58. Bc4 1-0

[Event "Oviedo op 7th"]
[Site "Oviedo"]
[Date "2019.07.21"]
[Round "9"]
[White "Domingo Nunez, Ruben"]
[Black "Gonzalez Trigal, Jose Luis"]
[Result "1-0"]
[WhiteElo "2318"]
[BlackElo "2339"]
[PlyCount "69"]
[EventDate "2019.07.15"]
[EventType "swiss"]
[EventRounds "9"]
[EventCountry "ESP"]
[SourceTitle "CBM 191 Extra"]
[Source "ChessBase"]
[SourceDate "2019.09.30"]
[SourceVersion "1"]
[SourceVersionDate "2019.09.30"]
[SourceQuality "1"]

1. e4 e5 2. Nf3 Nc6 3. Bc4 Nf6 4. d3 Be7 5. 0-0 0-0 6. Re1 d6 7. a4 Na5 8. Ba2 c5 9. Bg5 Nc6 10. Bxf6 Bxf6 11. Nc3 g6 12. Nd5 Bg7 13. c3 Kh8 14. b4 cxb4 15. Nxb4 f5 16. Bc4 Bd7 17. Qd2 Nxb4 18. cxb4 Rc8 19. Bd5 b6 20. Rec1 Qe7 21. a5 fxe4 22. dxe4 Bg4 23. Rxc8 Rxc8 24. Qe3 bxa5 25. bxa5 Qc7 26. Nd2 Qc2 27. h3 Bd7 28. Nc4 h6 29. Qxa7 Be8 30. Nxd6 Qb2 31. Nxc8 Qxa1+ 32. Kh2 Qc1 33. Nd6 Bf8 34. Nxe8 Be7 35. Qe3 1-0

[Event "La Roda op 46th"]
[Site "La Roda"]
[Date "2019.04.21"]
[Round "9"]
[White "Gonzalez Trigal, Jose Luis"]
[Black "Torres Sanchez, Jose"]
[Result "0-1"]
[WhiteElo "2351"]
[BlackElo "2200"]
[PlyCount "128"]
[EventDate "2019.04.17"]
[EventType "swiss"]
[EventRounds "9"]
[EventCountry "ESP"]
[SourceTitle "EXT 2020"]
[Source "ChessBase"]
[SourceDate "2019.10.17"]
[SourceVersion "1"]
[SourceVersionDate "2019.10.17"]
[SourceQuality "1"]

1. d4 d6 2. Nf3 g6 3. e4 Bg7 4. c4 Nf6 5. Nc3 0-0 6. g3 Nc6 7. Bg2 e5 8. d5 Nd4 9. 0-0 Bg4 10. Qd3 Nd7 11. Nxd4 exd4 12. Nb5 Ne5 13. Qb3 Be2 14. Na3 Bxf1 15. Bxf1 f5 16. exf5 Rxf5 17. f4 Nd7 18. Bd2 Rf8 19. Rd1 Re8 20. Nc2 Nc5 21. Qf3 Qd7 22. Bc1 d3 23. Nb4 d2 24. Rxd2 Re1 25. Rd1 Rae8 26. Nc2 Rxd1 27. Qxd1 Qa4 28. b4 Ne4 29. a3 Qb3 30. Qd3 Qb1 31. Be3 Nc3 32. Kg2 Nd1 33. Bg1 Nb2 34. Qd2 Re4 35. c5 b6 36. cxd6 cxd6 37. h4 Re7 38. Bb5 Nd1 39. Be2 Nc3 40. Bg4 Re4 41. Bf3 Rc4 42. Ne3 Bd4 43. Bf2 Ne4 44. Qe2 Rc7 45. Ng4 Bxf2 46. Nxf2 Nxf2 47. Qe8+ Kg7 48. Kxf2 Qb2+ 49. Be2 Qd4+ 50. Kg2 Qxd5+ 51. Bf3 Qf5 52. Be4 Qf6 53. Bf3 h5 54. Kh2 Re7 55. Qc6 Qd4 56. Bg2 a5 57. bxa5 bxa5 58. a4 Kh7 59. Qc2 Qc5 60. Qb1 Qf2 61. Qb5 Re3 62. Qd7+ Kh6 63. Qh3 d5 64. f5 Re1 0-1

[Event "La Roda op 46th"]
[Site "La Roda"]
[Date "2019.04.19"]
[Round "5"]
[White "Gonzalez Trigal, Jose Luis"]
[Black "Pintor, Simao Maciel Abranc"]
[Result "1-0"]
[WhiteElo "2351"]
[BlackElo "2086"]
[PlyCount "87"]
[EventDate "2019.04.17"]
[EventType "swiss"]
[EventRounds "9"]
[EventCountry "ESP"]
[SourceTitle "CBM 189 Extra"]
[Source "ChessBase"]
[SourceDate "2019.05.31"]
[SourceVersion "1"]
[SourceVersionDate "2019.05.31"]
[SourceQuality "1"]

1. d4 d5 2. c4 e6 3. Nc3 c5 4. cxd5 exd5 5. Nf3 Nc6 6. g3 Nf6 7. Bg2 Be7 8. 0-0 0-0 9. Bg5 cxd4 10. Nxd4 h6 11. Be3 Bg4 12. Qa4 Na5 13. Rad1 Nc4 14. Qb3 Nxe3 15. fxe3 Qb6 16. Nxd5 Nxd5 17. Bxd5 Qxb3 18. axb3 Bg5 19. Rd3 Rad8 20. e4 Kh8 21. h4 Bf6 22. e3 Rfe8 23. Kg2 Be6 24. Bxb7 Rd6 25. Ra1 Rb8 26. Bd5 Bxd5 27. exd5 Rxd5 28. Rxa7 Rbd8 29. Rxf7 Kg8 30. Rc7 Bxd4 31. Rxd4 Rxd4 32. exd4 Rxd4 33. Rc3 Rd2+ 34. Kf3 Rxb2 35. Ke4 Kf7 36. Kd5 Kf6 37. Kc5 g5 38. hxg5+ hxg5 39. b4 g4 40. b5 Ke6 41. Rc4 Kf5 42. b6 Rb3 43. Rb4 Rc3+ 44. Kd4 1-0

[Event "Mondariz GM"]
[Site "Mondariz"]
[Date "2018.08.30"]
[Round "8"]
[White "Gonzalez Perez, Arian"]
[Black "Gonzalez Trigal, Jose Luis"]
[Result "1-0"]
[WhiteElo "2458"]
[BlackElo "2374"]
[PlyCount "77"]
[EventDate "2018.08.24"]
[EventType "tourn"]
[EventRounds "9"]
[EventCountry "ESP"]
[EventCategory "7"]
[SourceTitle "CBM 186 Extra"]
[Source "ChessBase"]
[SourceDate "2018.08.24"]
[SourceVersion "1"]
[SourceVersionDate "2018.08.24"]
[SourceQuality "1"]

1. e4 c5 2. Nf3 d6 3. d4 cxd4 4. Nxd4 Nf6 5. Nc3 g6 6. Be3 Bg7 7. f3 0-0 8. Qd2 Nc6 9. g4 Be6 10. Nxe6 fxe6 11. 0-0-0 Ne5 12. Be2 Qa5 13. g5 Nh5 14. f4 Nf7 15. Bc4 Rac8 16. Bxe6 Rxc3 17. e5 Rc5 18. Bxc5 Qxc5 19. exd6 Qxd6 20. Qxd6 exd6 21. Rhf1 Kh8 22. Bg4 Re8 23. Bxh5 gxh5 24. Rfe1 Rxe1 25. Rxe1 Bf8 26. h4 Kg7 27. Kd2 d5 28. Ke2 Nd6 29. Rd1 Kg6 30. Rxd5 b6 31. a4 Nf5 32. a5 Bc5 33. a6 Nxh4 34. Rd7 b5 35. b4 Bg1 36. Rd1 Bh2 37. c4 Bxf4 38. cxb5 Bc7 39. b6 1-0

[Event "Mondariz GM"]
[Site "Mondariz"]
[Date "2018.08.30"]
[Round "9"]
[White "Gonzalez Trigal, Jose Luis"]
[Black "Rodriguez Lopez, Rafael"]
[Result "1/2-1/2"]
[WhiteElo "2374"]
[BlackElo "2312"]
[PlyCount "106"]
[EventDate "2018.08.24"]
[EventType "tourn"]
[EventRounds "9"]
[EventCountry "ESP"]
[EventCategory "7"]
[SourceTitle "CBM 186 Extra"]
[Source "ChessBase"]
[SourceDate "2018.08.24"]
[SourceVersion "1"]
[SourceVersionDate "2018.08.24"]
[SourceQuality "1"]

1. d4 Nf6 2. c4 e6 3. Nf3 b6 4. Nc3 Bb7 5. Qc2 Bb4 6. a3 Bxc3+ 7. Qxc3 d6 8. g3 Nbd7 9. Bg2 a5 10. b3 0-0 11. 0-0 Be4 12. Bb2 h6 13. b4 axb4 14. axb4 Qc8 15. Rxa8 Qxa8 16. Ra1 Qb7 17. b5 Ra8 18. Ra3 Rxa3 19. Qxa3 c5 20. dxc5 Nxc5 21. Bxf6 gxf6 22. Qe3 Kg7 23. Qf4 Qe7 24. Nd4 Bxg2 25. Kxg2 f5 26. Nc6 Qd7 27. f3 Kh7 28. Qd4 e5 29. Qh4 Qe6 30. Nd8 Qg6 31. Qe7 Kg7 32. Nb7 Nxb7 33. Qxb7 f4 34. Qxb6 fxg3 35. hxg3 Qc2 36. Qe3 Qxc4 37. Qd3 Qc5 38. Qb3 Qb6 39. Kf1 Kf6 40. Qa4 Ke6 41. Qa6 Qb8 42. Qc6 Qa7 43. b6 Qa1+ 44. Kg2 Qb2 45. Qc8+ Ke7 46. b7 Qxe2+ 47. Kh3 Qxf3 48. b8Q Qh1+ 49. Kg4 Qe4+ 50. Kh3 Qh1+ 51. Kg4 Qe4+ 52. Kh5 Qh1+ 53. Kg4 Qe4+ 1/2-1/2

[Event "Mondariz GM"]
[Site "Mondariz"]
[Date "2018.08.28"]
[Round "6"]
[White "Del Rey, Diego"]
[Black "Gonzalez Trigal, Jose Luis"]
[Result "1-0"]
[WhiteElo "2336"]
[BlackElo "2374"]
[PlyCount "125"]
[EventDate "2018.08.24"]
[EventType "tourn"]
[EventRounds "9"]
[EventCountry "ESP"]
[EventCategory "7"]
[SourceTitle "CBM 186 Extra"]
[Source "ChessBase"]
[SourceDate "2018.08.24"]
[SourceVersion "1"]
[SourceVersionDate "2018.08.24"]
[SourceQuality "1"]

1. d4 d5 2. c4 e6 3. Nf3 Nf6 4. g3 Bb4+ 5. Bd2 Bd6 6. Bg5 c6 7. Nbd2 Nbd7 8. Bg2 h6 9. Bxf6 Nxf6 10. Qc2 0-0 11. 0-0 b6 12. e4 Be7 13. cxd5 cxd5 14. e5 Nd7 15. Rfc1 Nb8 16. Bf1 Bd7 17. a3 Qc8 18. b4 Qxc2 19. Rxc2 a5 20. b5 a4 21. Rc3 Ra5 22. Rb1 Rc8 23. Rxc8+ Bxc8 24. Rc1 Bd7 25. Nb1 Kf8 26. Rc2 Ke8 27. Rb2 Kd8 28. Ne1 Be8 29. Bd3 Nd7 30. Nc2 f6 31. f4 f5 32. Kf2 g5 33. Ke3 Nf8 34. Nb4 Kc8 35. Nc3 gxf4+ 36. gxf4 Bd7 37. Bc2 Bh4 38. Rb1 Bxb5 39. Nbxd5 Bc6 40. Nxb6+ Kc7 41. Nc4 Ra8 42. Nb5+ Bxb5 43. Rxb5 Be7 44. d5 exd5 45. Rxd5 Kc6 46. Rd1 Bc5+ 47. Kf3 Kb5 48. Nd6+ Kc6 49. Bxf5 Rb8 50. Bc2 Ne6 51. Bxa4+ Kc7 52. Ne8+ Kb7 53. Rb1+ Bb6 54. Nd6+ Kc7 55. Nc4 Rf8 56. Nxb6 Rxf4+ 57. Ke3 Rh4 58. Nd5+ Kc8 59. Bb5 Nd4 60. Bd3 Kd7 61. Rb4 Ke6 62. Rxd4 Rh3+ 63. Ke4 1-0

[Event "Mondariz GM"]
[Site "Mondariz"]
[Date "2018.08.27"]
[Round "4"]
[White "Galego, Luis"]
[Black "Gonzalez Trigal, Jose Luis"]
[Result "1-0"]
[WhiteElo "2465"]
[BlackElo "2374"]
[PlyCount "113"]
[EventDate "2018.08.24"]
[EventType "tourn"]
[EventRounds "9"]
[EventCountry "ESP"]
[EventCategory "7"]
[SourceTitle "CBM 186 Extra"]
[Source "ChessBase"]
[SourceDate "2018.08.24"]
[SourceVersion "1"]
[SourceVersionDate "2018.08.24"]
[SourceQuality "1"]

1. e4 e5 2. Nf3 Nc6 3. Bc4 Nf6 4. d3 Be7 5. Nc3 0-0 6. Nd5 d6 7. Nxf6+ Bxf6 8. c3 Na5 9. Bb5 d5 10. Ba4 dxe4 11. dxe4 Qxd1+ 12. Bxd1 Nc4 13. Bb3 Nd6 14. Nd2 a5 15. a4 Re8 16. f3 Be6 17. Bxe6 Rxe6 18. Nf1 Rd8 19. Ke2 Nc8 20. Be3 h6 21. Nd2 b6 22. Rhd1 Nd6 23. b4 Ra8 24. Kd3 Ree8 25. Kc2 Red8 26. Kb3 Kf8 27. Rac1 Ke8 28. g3 Rd7 29. Nb1 b5 30. axb5 a4+ 31. Ka2 Nxb5 32. Rxd7 Kxd7 33. Rd1+ Ke6 34. c4 Nd6 35. Na3 Rb8 36. c5 Nxe4 37. fxe4 Rxb4 38. Rd3 c6 39. Rd6+ Ke7 40. Rxc6 Rxe4 41. Nc2 Rc4 42. Kb1 e4 43. Rb6 Rc3 44. Nb4 Rb3+ 45. Ka2 Rb2+ 46. Ka3 Rxh2 47. Nd5+ Kd8 48. Nxf6 gxf6 49. Bf4 e3 50. Bxe3 Rc2 51. Kxa4 h5 52. Kb5 f5 53. c6 f6 54. Bf4 h4 55. c7+ Kd7 56. Rd6+ Kc8 57. Rd8+ 1-0

[Event "La Roda op 45th"]
[Site "La Roda"]
[Date "2018.04.01"]
[Round "8"]
[White "Gonzalez Trigal, Jose Luis"]
[Black "Castellanos Gomez, Alejandro"]
[Result "0-1"]
[WhiteElo "2374"]
[BlackElo "2224"]
[PlyCount "174"]
[EventDate "2018.03.28"]
[EventType "swiss"]
[EventRounds "9"]
[EventCountry "ESP"]
[SourceTitle "CBM 183 Extra"]
[Source "ChessBase"]
[SourceDate "2018.04.19"]
[SourceVersion "1"]
[SourceVersionDate "2018.04.19"]
[SourceQuality "1"]

1. d4 e6 2. c4 b6 3. Nf3 Bb7 4. Nc3 Bb4 5. Qc2 Nf6 6. a3 Bxc3+ 7. Qxc3 Ne4 8. Qc2 d6 9. g3 Nd7 10. Bg2 Rb8 11. 0-0 0-0 12. b3 f5 13. Bb2 Qe8 14. Ne1 Qh5 15. Nd3 Ndf6 16. f3 Ng5 17. h4 Nf7 18. Nf4 Qh6 19. Bc1 Nh5 20. Nxh5 Qxh5 21. Qd2 e5 22. d5 f4 23. Qe1 fxg3 24. Qxg3 Nh6 25. e4 Bc8 26. Bg5 Nf7 27. Be3 Nh8 28. f4 exf4 29. Rxf4 Rxf4 30. Bxf4 Ng6 31. Bg5 Bg4 32. e5 Nxe5 33. Re1 h6 34. Bd2 Rf8 35. Rf1 Rxf1+ 36. Kxf1 Bf3 37. Bh3 Be2+ 38. Kf2 Qf3+ 39. Qxf3 Bxf3 40. Bf1 Bd1 41. b4 Bb3 42. c5 Bxd5 43. cxd6 cxd6 44. a4 Kf7 45. Bc3 Ng6 46. Kg3 Ne7 47. a5 Nf5+ 48. Kf2 Bc6 49. axb6 axb6 50. b5 Be4 51. Bh3 Nxh4 52. Bd4 Bd3 53. Bd7 Ng6 54. Ke3 Bf1 55. Kf2 Bc4 56. Bxb6 Ne5 57. Bc6 Nxc6 58. bxc6 Ke6 59. Ke3 Bb5 60. c7 Ba6 61. Bd4 g6 62. Bg7 h5 63. Kf4 Kd7 64. Bf6 Kxc7 65. Ke4 Kd7 66. Bg5 Ke6 67. Bd8 Be2 68. Ke3 Bd1 69. Ke4 Bc2+ 70. Kf4 Kd5 71. Be7 Ke6 72. Bd8 Bf5 73. Bh4 Kd5 74. Be7 Bc2 75. Bf8 Ke6 76. Bh6 Bf5 77. Bg5 d5 78. Ke3 Bb1 79. Kf4 d4 80. Bh4 Kd5 81. Bf2 Kc4 82. Be1 Kd3 83. Bf2 Kc4 84. Be1 Kb3 85. Ba5 d3 86. Be1 Kc2 87. Ke3 h4 0-1

[Event "La Roda op 45th"]
[Site "La Roda"]
[Date "2018.03.30"]
[Round "5"]
[White "Romero Calduch, Sergio"]
[Black "Gonzalez Trigal, Jose Luis"]
[Result "0-1"]
[WhiteElo "2174"]
[BlackElo "2374"]
[PlyCount "70"]
[EventDate "2018.03.28"]
[EventType "swiss"]
[EventRounds "9"]
[EventCountry "ESP"]
[SourceTitle "CBM 183 Extra"]
[Source "ChessBase"]
[SourceDate "2018.04.19"]
[SourceVersion "1"]
[SourceVersionDate "2018.04.19"]
[SourceQuality "1"]

1. d4 Nf6 2. Nf3 g6 3. g3 d5 4. Bg2 Bg7 5. 0-0 0-0 6. c4 c6 7. b3 dxc4 8. bxc4 c5 9. e3 Nc6 10. Bb2 Qb6 11. Qb3 Ne4 12. Nc3 Nxc3 13. Bxc3 cxd4 14. Qxb6 axb6 15. Nxd4 Ne5 16. Rfb1 Nd7 17. Rb4 Rd8 18. Nb5 Ne5 19. Bd4 Nc6 20. Rb3 Nxd4 21. Nxd4 e5 22. Nf3 e4 23. Nd4 Bxd4 24. exd4 Rxd4 25. Rxb6 Rxa2 26. Re1 f5 27. c5 Rc2 28. f3 Rdd2 29. Bf1 exf3 30. Re8+ Kf7 31. Rxc8 Rc1 32. Rxb7+ Kf6 33. Rb6+ Kg7 34. Rc7+ Kh6 35. Rd6 Rg2+ 0-1

[Event "Mondariz Balneario GEMA63"]
[Site "Mondariz Balneario"]
[Date "2017.12.21"]
[Round "7.3"]
[White "Larino Nieto, David"]
[Black "Gonzalez Trigal, Jose Luis"]
[Result "1-0"]
[WhiteElo "2472"]
[BlackElo "2401"]
[PlyCount "119"]
[EventDate "2017.12.17"]
[EventType "tourn"]
[EventRounds "9"]
[EventCountry "ESP"]
[SourceTitle "EXT 2024"]
[Source "ChessBase"]
[SourceDate "2023.10.10"]
[SourceVersion "1"]
[SourceVersionDate "2023.10.10"]
[SourceQuality "1"]

1. Nh3 d5 2. g3 e5 3. Bg2 Nc6 4. c3 Nf6 5. d4 e4 6. Bg5 Be7 7. Nf4 h6 8. Bxf6 Bxf6 9. Qb3 Ne7 10. Nh5 Qd6 11. Na3 c6 12. Qb4 Qxb4 13. Nxf6+ gxf6 14. cxb4 a6 15. Kd2 Nf5 16. e3 Nd6 17. Rhc1 h5 18. h4 Bg4 19. Bf1 Kd7 20. Nc2 a5 21. a4 axb4 22. Nxb4 Ra5 23. Rc5 Rha8 24. Rxa5 Rxa5 25. Nc2 Kc7 26. Kc3 Ra8 27. Kb4 b6 28. a5 bxa5+ 29. Rxa5 Rxa5 30. Kxa5 Nf5 31. Ne1 Nh6 32. Kb4 Bd1 33. Bh3 Bg4 34. Bxg4 Nxg4 35. Ng2 Nxf2 36. Nf4 Ng4 37. Nxh5 Kd6 38. Ng7 Ke7 39. h5 Nh6 40. g4 Nxg4 41. Nf5+ Ke6 42. h6 Nxh6 43. Nxh6 f5 44. Kc3 f4 45. Ng4 f5 46. Ne5 fxe3 47. Nxc6 f4 48. Nb4 f3 49. Nc2 e2 50. Kd2 Kd6 51. Nb4 Ke6 52. Na2 Kf5 53. Nc3 Kg4 54. Nxd5 Kg3 55. Ke1 Kg2 56. Ne3+ Kg3 57. d5 Kf4 58. Nc4 e3 59. d6 f2+ 60. Kxe2 1-0

[Event "Mondariz Balneario IM"]
[Site "Mondariz"]
[Date "2017.08.28"]
[Round "5"]
[White "Padeiro, Jose Joao Tato"]
[Black "Gonzalez Trigal, Jose Luis"]
[Result "0-1"]
[WhiteElo "2255"]
[BlackElo "2382"]
[PlyCount "150"]
[EventDate "2017.08.24"]
[EventType "tourn"]
[EventRounds "9"]
[EventCountry "ESP"]
[EventCategory "4"]
[SourceTitle "CBM 180 Extra"]
[Source "ChessBase"]
[SourceDate "2017.10.06"]
[SourceVersion "1"]
[SourceVersionDate "2017.10.06"]
[SourceQuality "1"]

1. e4 c5 2. b3 Nc6 3. Bb2 e5 4. Bc4 Nf6 5. d3 d5 6. exd5 Nxd5 7. Nf3 f6 8. 0-0 Be6 9. Nc3 Be7 10. Nh4 g6 11. g3 Qd7 12. Ng2 0-0-0 13. Nxd5 Bxd5 14. Bxd5 Qxd5 15. Qg4+ f5 16. Qc4 Qxc4 17. bxc4 Rhe8 18. Rfe1 Bg5 19. Re2 Re7 20. h4 Bh6 21. Rae1 Rde8 22. f3 Kd7 23. g4 f4 24. Kf2 Bf8 25. Bc3 Re6 26. Rb1 Kc7 27. Rbe1 Kd7 28. Rh1 h6 29. h5 g5 30. Rb1 Kc7 31. Rbe1 Bg7 32. Rb1 Bf6 33. Rb5 b6 34. Re1 e4 35. Bxf6 e3+ 36. Ke2 Rxf6 37. c3 Rd8 38. Rd1 Rfd6 39. Ne1 Ne5 40. Rbb1 Kc6 41. a4 Kc7 42. Ra1 Kb7 43. Rab1 Kc6 44. Ra1 R6d7 45. Rab1 a6 46. Ra1 Rb8 47. Rdb1 Rdb7 48. Nc2 Re8 49. Ne1 Ree7 50. Rb2 Red7 51. Rab1 Rb8 52. Rb3 Rdb7 53. Nc2 Rf8 54. Ne1 Re8 55. R3b2 Reb8 56. Nc2 b5 57. axb5+ axb5 58. cxb5+ Rxb5 59. Rxb5 Rxb5 60. Rxb5 Kxb5 61. d4 cxd4 62. cxd4 Nd7 63. Kd3 Nf6 64. d5 Kc5 65. d6 Kxd6 66. Nd4 Kd5 67. Nf5 Ng8 68. Kc3 Kc5 69. Kd3 Kb4 70. Nd4 Ka3 71. Nf5 Kb2 72. Nxe3 fxe3 73. Kxe3 Kc3 74. f4 Nf6 75. fxg5 hxg5 0-1

[Event "Mondariz Balneario IM"]
[Site "Mondariz"]
[Date "2017.08.27"]
[Round "4"]
[White "Gonzalez Trigal, Jose Luis"]
[Black "Meneses Gonzalez, Kevin Moises"]
[Result "1/2-1/2"]
[WhiteElo "2382"]
[BlackElo "2280"]
[PlyCount "138"]
[EventDate "2017.08.24"]
[EventType "tourn"]
[EventRounds "9"]
[EventCountry "ESP"]
[EventCategory "4"]
[SourceTitle "CBM 180 Extra"]
[Source "ChessBase"]
[SourceDate "2017.10.06"]
[SourceVersion "1"]
[SourceVersionDate "2017.10.06"]
[SourceQuality "1"]

1. d4 g6 2. c4 Bg7 3. Nf3 d6 4. Nc3 c5 5. dxc5 Bxc3+ 6. bxc3 dxc5 7. Qxd8+ Kxd8 8. Ne5 Ke8 9. g3 Nf6 10. Bg2 Nfd7 11. Nd3 Nc6 12. Be3 Na5 13. Rb1 Nb6 14. Nxc5 Nbxc4 15. Bc1 f6 16. Nxb7 Nxb7 17. Bxb7 Bxb7 18. Rxb7 Kf7 19. f3 Rhd8 20. Kf2 Nd6 21. Rb3 Rac8 22. Be3 a6 23. Rc1 Rc4 24. Ke1 Nb5 25. Rc2 Rdc8 26. Kd2 Ra4 27. Rb4 Ra3 28. c4 Nd6 29. c5 Nb5 30. Rb3 Ra4 31. Kc1 Na3 32. Rcc3 Nb5 33. Rc2 Na3 34. Rcc3 Nb5 35. Rd3 Rxa2 36. Rb2 Ra1+ 37. Rb1 Ra4 38. Kd2 g5 39. Ke1 h5 40. Kf2 Rc6 41. h3 Ra2 42. Rc1 e5 43. g4 h4 44. Rd8 Ke7 45. Rd3 Ra3 46. Rd2 Nc3 47. Rd3 Nb5 48. Rd2 Ra4 49. Rd3 Nd4 50. Bxd4 exd4 51. Rcd1 Rxc5 52. Rxd4 Rxd4 53. Rxd4 Ra5 54. f4 Ra3 55. fxg5 fxg5 56. e3 Ke6 57. Rd2 Ra1 58. Kf3 Ke5 59. Rb2 Rf1+ 60. Kg2 Rf6 61. Ra2 Ke4 62. Ra5 Kxe3 63. Rxg5 Rf2+ 64. Kg1 Ra2 65. Rf5 Ke4 66. Rf8 Ra1+ 67. Kg2 Ra2+ 68. Kg1 Ra1+ 69. Kg2 Ra2+ 1/2-1/2

[Event "Mondariz Balneario IM"]
[Site "Mondariz"]
[Date "2017.08.27"]
[Round "3"]
[White "Gonzalez Trigal, Jose Luis"]
[Black "Renteria Becerra, Jorge Elicer"]
[Result "1/2-1/2"]
[WhiteElo "2382"]
[BlackElo "2332"]
[PlyCount "69"]
[EventDate "2017.08.24"]
[EventType "tourn"]
[EventRounds "9"]
[EventCountry "ESP"]
[EventCategory "4"]
[SourceTitle "CBM 180 Extra"]
[Source "ChessBase"]
[SourceDate "2017.10.06"]
[SourceVersion "1"]
[SourceVersionDate "2017.10.06"]
[SourceQuality "1"]

1. d4 Nf6 2. c4 e6 3. Nc3 Bb4 4. e3 0-0 5. Bd3 c5 6. Nf3 d5 7. 0-0 dxc4 8. Bxc4 Nc6 9. a3 Bxc3 10. bxc3 Qc7 11. Qe2 b6 12. Bb2 Bb7 13. Bd3 e5 14. Nxe5 Nxe5 15. dxe5 Qxe5 16. c4 Qe6 17. f3 Rfe8 18. Rfe1 Rad8 19. Qc2 h6 20. Rad1 Bc6 21. Qc3 Rd7 22. Bc2 Red8 23. Rxd7 Rxd7 24. Rd1 Rxd1+ 25. Bxd1 Qd7 26. Bc2 Ba4 27. Bd3 Qe7 28. Bf5 Ne8 29. Qe5 Kf8 30. Qc3 Qf6 31. Qxf6 gxf6 32. Bd3 Bb3 33. e4 Nd6 34. Bxf6 Nxc4 35. Bxc4 1/2-1/2